[Event "Mazowiec-chT op 1112"]
[Site "Poland"]
[Date "2012.02.26"]
[Round "9.51"]
[White "Kwiatkowski, Wlodzimierz"]
[Black "Zalewski, Piotr"]
[Result "1-0"]
[WhiteElo "1938"]
[BlackElo "1347"]
[PlyCount "71"]
[EventDate "2012.01.08"]
[EventType "team-swiss"]
[EventRounds "10"]
[EventCountry "POL"]
[SourceTitle "OM OTB B 201907"]
[Source "Opening Master"]
[SourceDate "2019.07.06"]
[SourceVersion "2"]
[SourceVersionDate "2019.07.06"]
[SourceQuality "1"]

1. e4 e5 2. Nf3 Nc6 3. c3 Nf6 4. Qc2 Bc5 5. Be2 O-O 6. O-O d6 7. d3 d5 8. exd5
Qxd5 9. Nbd2 b6 10. Ne4 Nd7 11. Nxc5 Nxc5 12. b4 Ne6 13. a4 Bb7 14. Bb2 a6 15.
Rfe1 Rad8 16. Rad1 Rfe8 17. Bc1 f5 18. b5 axb5 19. axb5 Qxb5 20. d4 Qa5 21.
Qxf5 Qxc3 22. Bd2 Qb2 23. Bc4 Rd6 24. Ng5 Ncd8 25. Rxe5 Bc8 26. Bxe6+ Bxe6 27.
Qxh7+ Kf8 28. Qh8+ Bg8 29. Rxe8+ Kxe8 30. Qxg8+ Kd7 31. Qxg7+ Kc8 32. Be3 c5
33. Rc1 Nc6 34. h3 Nxd4 35. Kh1 Nf5 36. Qxb2 1-0

[Event "Bogota op 02"]
[Site "Bogota"]
[Date "2012.02.26"]
[Round "6"]
[White "Morales Rivera, Luis Eduardo"]
[Black "Corpus Vanegas, Jair Samir"]
[Result "0-1"]
[WhiteElo "1945"]
[BlackElo "1679"]
[PlyCount "74"]
[EventDate "2012.02.23"]
[EventType "swiss"]
[EventRounds "7"]
[EventCountry "COL"]
[SourceTitle "CBM 147 Extra"]
[Source "ChessBase"]
[SourceDate "2012.04.24"]
[SourceVersion "1"]
[SourceVersionDate "2012.04.24"]
[SourceQuality "1"]

1. e4 e5 2. Nf3 Nc6 3. c3 Nf6 4. d4 exd4 5. e5 Nd5 6. Qb3 Nb6 7. cxd4 Bb4+ 8.
Nc3 d5 9. Bb5 Bxc3+ 10. bxc3 O-O 11. Bg5 Qe8 12. h3 Bd7 13. Bd3 f6 14. Bf4 fxe5
15. Bxe5 Rxf3 16. gxf3 Nxe5 17. dxe5 Qxe5+ 18. Kf1 Ba4 19. Qb4 Re8 20. Bb5
Bxb5+ 21. Qxb5 c6 22. Qd3 Re6 23. Qd4 Qe2+ 24. Kg2 Rg6+ 25. Kh2 Qxf3 26. Rhg1
c5 27. Qxc5 Qf4+ 28. Rg3 Rxg3 29. fxg3 Qd2+ 30. Kg1 Qd3 31. Qf2 Qxc3 32. Rf1 h6
33. h4 Qd3 34. Kg2 Nc4 35. Kh3 Ne3 36. Qf7+ Kh7 37. Rf3 Qe4 0-1

[Event "Las Palmas Insular-chT Primera-A"]
[Site "Las Palmas"]
[Date "2012.02.25"]
[Round "10.2"]
[White "Padron Pulido, Pedro Gabino"]
[Black "Ortiz Perez, Hector"]
[Result "1-0"]
[WhiteElo "2105"]
[BlackElo "1958"]
[PlyCount "59"]
[EventDate "2011.11.12"]
[EventType "team-tourn"]
[EventRounds "14"]
[EventCountry "ESP"]
[SourceTitle "EXT 2013"]
[Source "ChessBase"]
[SourceDate "2012.11.22"]
[SourceVersion "1"]
[SourceVersionDate "2012.11.22"]
[SourceQuality "1"]
[WhiteTeam "Cajota 64"]
[BlackTeam "Panaderea Pulido San Mateo-A"]
[WhiteTeamCountry "ESP"]
[BlackTeamCountry "ESP"]

1. e4 e5 2. Nf3 Nc6 3. c3 Nf6 4. d4 exd4 5. e5 Ne4 6. cxd4 Bb4+ 7. Nbd2 O-O 8.
Bd3 d5 9. Qc2 Bf5 10. O-O Nxd2 11. Bxd2 Bxd3 12. Qxd3 Bxd2 13. Qxd2 Qd7 14.
Rfe1 Rae8 15. h3 Re6 16. Re3 Qe7 17. Rb3 b6 18. Rc1 Na5 19. Rbc3 Rc8 20. b3 f6
21. exf6 gxf6 22. Qf4 c5 23. Qg4+ Kh8 24. dxc5 Rxc5 25. Rxc5 bxc5 26. Rxc5 Qxc5
27. Qxe6 Qc6 28. Qf7 Qd6 29. Nd4 Qc5 30. Ne6 1-0

[Event "NACIONAL ESCOLAR SUB 17 ABSOLUTO"]
[Site "?"]
[Date "2012.02.24"]
[Round "?"]
[White "Yate Varon, Andres Steven"]
[Black "Parra, Brayan"]
[Result "0-1"]
[WhiteElo "1560"]
[BlackElo "1799"]
[PlyCount "50"]
[EventDate "2012.??.??"]
[SourceTitle "OM OTB B 201907"]
[Source "Opening Master"]
[SourceDate "2019.07.06"]
[SourceVersion "2"]
[SourceVersionDate "2019.07.06"]
[SourceQuality "1"]

1. e4 e5 2. Nf3 Nc6 3. c3 Nf6 4. Bd3 Bc5 5. Bc2 d5 6. Nxe5 Bxf2+ 7. Kxf2 Nxe5
8. d4 Neg4+ 9. Kg1 Nxe4 10. Bxe4 dxe4 11. h3 Nf6 12. Bf4 O-O 13. Kh2 Nd5 14.
Rf1 Re8 15. c4 Nb4 16. Nc3 c6 17. Qh5 g6 18. Qg5 f6 19. Qg3 Qxd4 20. Rad1 Qxc4
21. b3 Qf7 22. Rde1 Bf5 23. Bd6 Nd3 24. Re3 Kh8 25. Qh4 Qe6 0-1

[Event "Cholet-E"]
[Site "Cholet"]
[Date "2012.02.23"]
[Round "9"]
[White "Robin, Christine"]
[Black "Bernard, Brian"]
[Result "1-0"]
[WhiteElo "1260"]
[BlackElo "1300"]
[PlyCount "115"]
[EventDate "2012.02.18"]
[EventType "swiss"]
[EventRounds "9"]
[EventCountry "FRA"]
[SourceTitle "EXT 2013"]
[Source "ChessBase"]
[SourceDate "2012.11.22"]
[SourceVersion "1"]
[SourceVersionDate "2012.11.22"]
[SourceQuality "1"]

1. e4 e5 2. Nf3 Nc6 3. c3 Nf6 4. d3 g6 5. Be2 Bg7 6. O-O O-O 7. Bg5 d6 8. Nbd2
Bg4 9. Re1 Qd7 10. Nc4 b5 11. Ne3 Bxf3 12. Bxf3 a6 13. a3 a5 14. Ng4 Nxg4 15.
Bxg4 Qe8 16. Qd2 b4 17. axb4 axb4 18. Rxa8 Qxa8 19. cxb4 Qb7 20. f4 Qxb4 21.
Qxb4 Nxb4 22. Rd1 Nc2 23. f5 h6 24. Bc1 h5 25. Be2 Nd4 26. Bf1 c5 27. Bg5 f6
28. Bd2 Nb3 29. Bc3 Bh6 30. Be2 Be3+ 31. Kh1 Bd4 32. fxg6 Bxc3 33. bxc3 Kg7 34.
Bxh5 Rh8 35. g4 Kh6 36. h4 Rb8 37. Rf1 Rf8 38. Rb1 Rb8 39. Kg2 Rb7 40. Kf2 Rb8
41. Ke3 Rb7 42. Rf1 Kg7 43. g5 fxg5 44. hxg5 Na5 45. Rf6 Rd7 46. Bg4 Rd8 47.
Bf5 Nc6 48. Rf7+ Kg8 49. Be6 Re8 50. Bd5 Nd8 51. Re7+ Kf8 52. Rh7 Ne6 53. Rf7+
Kg8 54. Rd7 Rd8 55. Bxe6+ Kf8 56. Rxd8+ Kg7 57. Bf7 c4 58. Rg8# 1-0

[Event "Bogota op 02"]
[Site "Bogota"]
[Date "2012.02.23"]
[Round "1"]
[White "Morales Rivera, Luis Eduardo"]
[Black "Corpus Vanegas, Eugenio Miguel"]
[Result "0-1"]
[WhiteElo "1945"]
[BlackElo "1789"]
[PlyCount "58"]
[EventDate "2012.02.23"]
[EventType "swiss"]
[EventRounds "7"]
[EventCountry "COL"]
[SourceTitle "CBM 147 Extra"]
[Source "ChessBase"]
[SourceDate "2012.04.24"]
[SourceVersion "1"]
[SourceVersionDate "2012.04.24"]
[SourceQuality "1"]

1. e4 e5 2. Nf3 Nc6 3. c3 Nf6 4. d4 exd4 5. e5 Nd5 6. cxd4 Bb4+ 7. Bd2 O-O 8.
Bxb4 Ndxb4 9. a3 Nd5 10. Qb3 Nb6 11. Bb5 d6 12. Bxc6 bxc6 13. O-O Be6 14. Qc2
Qd7 15. Nh4 Rab8 16. Nd2 Rfd8 17. Rad1 a5 18. f4 Bg4 19. Ndf3 Nd5 20. Qd2 Rb3
21. h3 Bh5 22. g4 Bxg4 23. hxg4 Qxg4+ 24. Qg2 Qxf4 25. Qc2 Rdb8 26. Qf5 Qg3+
27. Ng2 g6 28. Qg5 Rxf3 29. Rxf3 Qxg5 0-1

[Event "HS-119"]
[Site "BdF-Schachserver"]
[Date "2012.02.21"]
[Round "?"]
[White "Schatz, Dieter"]
[Black "Herzog, Klaus"]
[Result "0-1"]
[WhiteElo "1799"]
[BlackElo "1868"]
[PlyCount "106"]
[EventDate "2012.02.27"]
[SourceTitle "OM Corr 202003"]
[Source "Opening Master"]
[SourceDate "2019.05.30"]
[SourceVersion "2"]
[SourceVersionDate "2019.05.30"]
[SourceQuality "1"]

1. e4 e5 2. Nf3 Nc6 3. c3 Nf6 4. d4 Nxe4 5. d5 Ne7 6. Nxe5 Ng6 7. Qf3 Nf6 8.
Nxg6 hxg6 9. Be3 Be7 10. Nd2 d6 11. h3 Bg4 12. Qf4 Bd7 13. Bc4 a5 14. Ne4 b5
15. Nxf6+ Bxf6 16. Bd3 g5 17. Qg3 g4 18. O-O-O gxh3 19. gxh3 b4 20. c4 b3 21.
a3 Rh4 22. c5 Bc8 23. Kb1 Kf8 24. c6 a4 25. Bd2 Rd4 26. Qf3 Be5 27. Be3 Rh4 28.
Qg2 Bf4 29. Ka1 Qf6 30. Bb1 g6 31. Bd4 Be5 32. Bxe5 Qxe5 33. Rde1 Qf6 34. Re4
Rh5 35. f4 Rxd5 36. Re8+ Kxe8 37. Qxd5 Kf8 38. h4 Be6 39. Qb5 Re8 40. h5 Bd5
41. Rh3 Be4 42. Bxe4 Rxe4 43. Rh1 Qh4 44. Qf1 Rxf4 45. Qb1 Qf6 46. hxg6 fxg6
47. Qd3 Rf2 48. Rb1 Qf5 49. Qa6 Kf7 50. Qc4+ d5 51. Qc1 g5 52. Qg1 g4 53. Rc1
d4 0-1

[Event "19th Drzavno Prvesntvo D 12"]
[Site "?"]
[Date "2012.02.21"]
[Round "?"]
[White "Koprivc, Anita"]
[Black "Plej, Tina"]
[Result "1-0"]
[WhiteElo "1500"]
[BlackElo "1500"]
[PlyCount "59"]
[EventDate "2012.??.??"]
[SourceTitle "OM OTB B 201907"]
[Source "Opening Master"]
[SourceDate "2019.07.06"]
[SourceVersion "2"]
[SourceVersionDate "2019.07.06"]
[SourceQuality "1"]

1. e4 e5 2. Nf3 Nc6 3. c3 Nf6 4. d4 d6 5. Bg5 Be7 6. Bb5 Bd7 7. Bxc6 Bxc6 8.
Bxf6 Bxf6 9. d5 Ba4 10. Qxa4+ Kf8 11. O-O a6 12. Qd1 c6 13. c4 Qb6 14. Qd2 h6
15. Nc3 Bg5 16. Nxg5 hxg5 17. Qxg5 f6 18. Qf5 Qxb2 19. Na4 Qb4 20. Nc3 Qxc3 21.
Rab1 b5 22. dxc6 Qxc4 23. Rfc1 Qxa2 24. c7 Ke7 25. c8=Q Raxc8 26. h3 Rxc1+ 27.
Rxc1 Qa5 28. Qg4 Qd2 29. Rc7+ Kd8 30. Qc8# 1-0

[Event "14th Szachowe Mistrzostwa Miasta Limano"]
[Site "?"]
[Date "2012.02.21"]
[Round "?"]
[White "Michalik, Marek"]
[Black "Mazurkiewicz, Adam"]
[Result "1-0"]
[WhiteElo "1805"]
[BlackElo "1535"]
[PlyCount "41"]
[EventDate "2012.??.??"]
[SourceTitle "OM OTB B 201907"]
[Source "Opening Master"]
[SourceDate "2019.07.06"]
[SourceVersion "2"]
[SourceVersionDate "2019.07.06"]
[SourceQuality "1"]

1. e4 e5 2. Nf3 Nc6 3. c3 d5 4. Qa4 f6 5. Bb5 Nge7 6. O-O a6 7. Re1 Bd7 8. Bd3
b5 9. Qd1 Bg4 10. Bc2 Ng6 11. h3 Be6 12. d4 Bd6 13. dxe5 Bxe5 14. Nd4 Bxd4 15.
cxd4 O-O 16. Nc3 Re8 17. exd5 Bxd5 18. Rxe8+ Qxe8 19. Nxd5 Qd7 20. Bb3 a5 21.
Nxf6+ 1-0

[Event "RN-2012-0-00453"]
[Site "Lechenicher SchachServer"]
[Date "2012.02.20"]
[Round "?"]
[White "Segovia, Didier"]
[Black "Ventura, Bob"]
[Result "0-1"]
[WhiteElo "549"]
[BlackElo "810"]
[PlyCount "42"]
[EventDate "2012.02.09"]

1. e4 e5 2. Nf3 Nc6 3. c3 Nf6 4. d3 h6 5. g3 d5 6. Bg2 dxe4 7. dxe4 Qxd1+ 8.
Kxd1 Bd6 9. Nbd2 Be6 10. Ke2 Rd8 11. Re1 O-O 12. Kf1 Nd7 13. b3 f5 14. Bb2 Nc5
15. Red1 fxe4 16. b4 Na4 17. Bc1 Nxc3 18. Re1 Nxb4 19. Ba3 Nc2 20. Bxd6 cxd6
21. Nxe4 Nxe4 0-1

[Event "HUN-chT2 Toth 1112"]
[Site "Hungary"]
[Date "2012.02.19"]
[Round "6.6"]
[White "Mike, Peter"]
[Black "Gonczol, Gabor"]
[Result "1/2-1/2"]
[WhiteElo "2025"]
[BlackElo "1870"]
[PlyCount "39"]
[EventDate "2011.09.25"]
[EventType "team-tourn"]
[EventRounds "11"]
[EventCountry "HUN"]
[SourceTitle "EXT 2013"]
[Source "ChessBase"]
[SourceDate "2012.11.22"]
[SourceVersion "1"]
[SourceVersionDate "2012.11.22"]
[SourceQuality "1"]
[WhiteTeam "Maroczy II"]
[BlackTeam "Keviterv"]
[WhiteTeamCountry "HUN"]
[BlackTeamCountry "HUN"]

1. e4 e5 2. Nf3 Nc6 3. c3 d5 4. Bb5 a6 5. Bxc6+ bxc6 6. Nxe5 dxe4 7. Qa4 Qd5 8.
Qxc6+ Qxc6 9. Nxc6 Nf6 10. O-O Bc5 11. b4 Bb6 12. Na3 Bb7 13. Ne5 O-O 14. d4
exd3 15. Nxd3 Rad8 16. Nf4 Ne4 17. Be3 Nxc3 18. Bxb6 cxb6 19. Rfc1 Rc8 20. Rc2
1/2-1/2

[Event "HUN-chT2 Barcza 1112 "]
[Site "Hungary"]
[Date "2012.02.19"]
[Round "6"]
[White "Karacsony, Zsolt"]
[Black "Mizik, Zsolt"]
[Result "0-1"]
[WhiteElo "2048"]
[BlackElo "2092"]
[PlyCount "58"]
[EventDate "2011.09.25"]
[EventType "team-tourn"]
[EventRounds "11"]
[EventCountry "HUN"]
[SourceTitle "EXT 2013"]
[Source "ChessBase"]
[SourceDate "2012.11.22"]
[SourceVersion "1"]
[SourceVersionDate "2012.11.22"]
[SourceQuality "1"]
[WhiteTeam "Sajoszentpeter"]
[BlackTeam "Tiszavasvari"]
[WhiteTeamCountry "HUN"]
[BlackTeamCountry "HUN"]

1. e4 e5 2. Nf3 Nc6 3. c3 d5 4. Qa4 Qd6 5. Bb5 Bd7 6. exd5 Qxd5 7. O-O Be7 8.
d4 e4 9. c4 Qf5 10. d5 exf3 11. Nd2 Nd4 12. Bxd7+ Qxd7 13. Qd1 Ne2+ 14. Kh1
fxg2+ 15. Kxg2 Nxc1 16. Rxc1 Nf6 17. Rc3 O-O-O 18. Qf3 Bb4 19. Rd3 Bxd2 20.
Rxd2 Qg4+ 21. Qxg4+ Nxg4 22. Re1 Rhe8 23. Rde2 Rxe2 24. Rxe2 Kd7 25. c5 Nf6 26.
Rd2 Re8 27. d6 c6 28. f3 Nd5 29. Kf2 b6 0-1

[Event "60. LSS No Engine Cup Preliminary 6"]
[Site "Lechenicher SchachServer"]
[Date "2012.02.19"]
[Round "?"]
[White "Tobey, Al"]
[Black "Draba, Henryk"]
[Result "0-1"]
[WhiteElo "595"]
[BlackElo "1587"]
[PlyCount "50"]
[EventDate "2012.02.20"]

1. e4 e5 2. Nf3 Nc6 3. c3 Nf6 4. d3 g6 5. Be2 Bg7 6. O-O d5 7. Bg5 dxe4 8. Nfd2
exd3 9. Bxf6 dxe2 10. Qxe2 Qxf6 11. f4 O-O 12. Ne4 Qe7 13. Nbd2 exf4 14. Qf3 f5
15. Nf2 Qe3 16. Qd5+ Be6 17. Qd3 Rad8 18. Rfe1 Rxd3 19. Rxe3 Rxe3 20. Nf3 Rd8
21. Ng5 Bxa2 22. Kf1 Bc4+ 23. Kg1 Re2 24. Nfh3 Rxb2 25. Nxf4 Bxc3 0-1

[Event "19th Drzavno Prvesntvo D 12"]
[Site "?"]
[Date "2012.02.19"]
[Round "?"]
[White "Koprivc, Anita"]
[Black "Petauer, Zala"]
[Result "1/2-1/2"]
[WhiteElo "1500"]
[BlackElo "1500"]
[PlyCount "27"]
[EventDate "2012.??.??"]
[SourceTitle "OM OTB B 201907"]
[Source "Opening Master"]
[SourceDate "2019.07.06"]
[SourceVersion "2"]
[SourceVersionDate "2019.07.06"]
[SourceQuality "1"]

1. e4 e5 2. Nf3 Nc6 3. c3 Nf6 4. d4 Nxe4 5. d5 Ne7 6. Nxe5 Nf5 7. Bd3 Qh4 8.
O-O Ng5 9. Re1 Ne7 10. Nf3 Nxf3+ 11. Qxf3 g6 12. b3 Bg7 13. g3 Qf6 14. Qe2
1/2-1/2

[Event "MDA-ch"]
[Site "Kishinev"]
[Date "2012.02.17"]
[Round "7"]
[White "Bargan, Sergei"]
[Black "Eletskikh, Alexandr"]
[Result "0-1"]
[WhiteElo "2290"]
[BlackElo "2283"]
[PlyCount "60"]
[EventDate "2012.02.07"]
[EventType "tourn"]
[EventRounds "11"]
[EventCountry "MDA"]
[SourceTitle "EXT 2014"]
[Source "ChessBase"]
[SourceDate "2013.11.20"]
[SourceVersion "1"]
[SourceVersionDate "2013.11.20"]
[SourceQuality "1"]

1. e4 e5 2. Nf3 Nc6 3. c3 d5 4. d3 Nf6 5. Nbd2 a5 6. Be2 Bc5 7. O-O O-O 8. a4
h6 9. exd5 Qxd5 10. Nc4 Be6 11. Qc2 Rad8 12. Ne3 Qd7 13. Re1 Rfe8 14. Bf1 Bg4
15. Nd2 Bh5 16. Ne4 Be7 17. Qb3 b6 18. Qb5 Bg6 19. Nc4 Nd5 20. g3 f5 21. Ned2
Bf6 22. Bg2 Bf7 23. Ne3 Nde7 24. f4 exf4 25. gxf4 Bh4 26. Re2 Nd5 27. Ndc4 Nxf4
28. Bxc6 Nxe2+ 29. Kg2 Qxd3 30. Qxf5 Bxc4 0-1

[Event "ROM-ch"]
[Site "Sarata Monteoru"]
[Date "2012.02.16"]
[Round "5"]
[White "Soare, Cristel"]
[Black "Chivulescu, Adrian Alexandru"]
[Result "0-1"]
[WhiteElo "1519"]
[BlackElo "1545"]
[PlyCount "44"]
[EventDate "2012.02.13"]
[EventType "swiss"]
[EventRounds "11"]
[EventCountry "ROU"]
[SourceTitle "CBM 147 Extra"]
[Source "ChessBase"]
[SourceDate "2012.04.24"]
[SourceVersion "1"]
[SourceVersionDate "2012.04.24"]
[SourceQuality "1"]

1. e4 e5 2. Nf3 Nc6 3. c3 Nf6 4. d4 exd4 5. cxd4 Bb4+ 6. Bd2 Nxe4 7. Bxb4 Nxb4
8. Nc3 Nxc3 9. bxc3 Nd5 10. Qc2 O-O 11. Bd3 Re8+ 12. Kd2 h6 13. Rae1 Rxe1 14.
Rxe1 d6 15. Kc1 Be6 16. Kb2 Qf6 17. Qb3 Nf4 18. Qxb7 Nxd3+ 19. Kb1 Rd8 20. Rxe6
Qxe6 21. Qxc7 Re8 22. Qxf7+ Kxf7 0-1

[Event "corr freechess 2012"]
[Site "freechess.de"]
[Date "2012.02.16"]
[Round "?"]
[White "Siemianowski, Regina"]
[Black "Schaefer, Andreas"]
[Result "0-1"]
[WhiteElo "1773"]
[BlackElo "1617"]
[PlyCount "98"]
[EventDate "2012.??.??"]
[EventType "tourn (corr)"]
[SourceTitle "OM Corr 202003"]
[Source "Opening Master"]
[SourceDate "2019.05.30"]
[SourceVersion "2"]
[SourceVersionDate "2019.05.30"]
[SourceQuality "1"]

1. e4 e5 2. Nf3 Nc6 3. c3 Nf6 4. d4 exd4 5. e5 Nd5 6. cxd4 Bb4+ 7. Bd2 Qe7 8.
Nc3 Nxc3 9. bxc3 Ba5 10. Bc4 d6 11. O-O O-O 12. exd6 Qxd6 13. Qc2 h6 14. Rfe1
Bd7 15. Ne5 Nxe5 16. Rxe5 b6 17. Rd5 Qc6 18. Bb3 Rfe8 19. Qd3 Re7 20. Bc2 g6
21. Rh5 Bf5 22. Rxf5 gxf5 23. Qxf5 Qg6 24. Qxg6+ fxg6 25. Bxg6 Rd8 26. Rc1 c5
27. Be3 Bxc3 28. dxc5 Bd4 29. Bxd4 Rxd4 30. g3 bxc5 31. Rxc5 Kg7 32. Bh5 Ra4
33. Rc2 Rd4 34. f4 Red7 35. Re2 Rd2 36. Kf1 Rxe2 37. Kxe2 Rb7 38. Ke3 Rb2 39.
h4 Rxa2 40. Be2 a5 41. Bb5 a4 42. Bc4 Rg2 43. Kf3 Rc2 44. Bd5 a3 45. Ke3 a2 46.
Bxa2 Rxa2 47. Kf3 h5 48. f5 Ra3+ 49. Kf4 Kf6 0-1

[Event "RA-2012-0-00189"]
[Site "Lechenicher SchachServer"]
[Date "2012.02.16"]
[Round "?"]
[White "Cossmann, Robert"]
[Black "Sherwood, Russell"]
[Result "0-1"]
[WhiteElo "2104"]
[BlackElo "2124"]
[PlyCount "118"]
[EventDate "2012.02.04"]
[SourceTitle "OM Corr 202003"]
[Source "Opening Master"]
[SourceDate "2019.05.30"]
[SourceVersion "2"]
[SourceVersionDate "2019.05.30"]
[SourceQuality "1"]

1. e4 e5 2. Nf3 Nc6 3. c3 d5 4. Qa4 f6 5. d3 Be6 6. Be3 Bd6 7. Nbd2 Nge7 8. d4
O-O 9. dxe5 Nxe5 10. Nxe5 Bxe5 11. Nf3 Bd6 12. Bd3 Qe8 13. Qc2 Kh8 14. O-O-O
dxe4 15. Bxe4 Qf7 16. Rd4 h6 17. Ra4 Nd5 18. Bg6 Qd7 19. Nh4 f5 20. Rd1 b5 21.
Rad4 Ne7 22. Bh5 f4 23. Bd2 Rf6 24. c4 Nf5 25. Rxf4 Raf8 26. Be3 Nxh4 27. Rxh4
Bxc4 28. g3 Bg8 29. Be2 Rxf2 30. Bxf2 Rxf2 31. Qe4 Qe7 32. Rd2 a6 33. a4 Be5
34. axb5 axb5 35. Kd1 Qc5 36. Qb4 Qa7 37. Qxb5 Qa1+ 38. Kc2 Bh7+ 39. Kb3 Bd6
40. Rc4 Qa8 41. Ra4 Qh1 42. Rc4 Qxh2 43. Rc3 Rf8 44. Rc6 Bg6 45. Ra6 Bb1 46. g4
Qf2 47. g5 hxg5 48. Rc2 Qf7+ 49. Bc4 Qf3+ 50. Bd3 Qd1 51. Rac6 Ra8 52. Ra6 Rd8
53. Rac6 Bc5 54. R6xc5 Rxd3+ 55. Kb4 Bxc2 56. Rxc2 Qe1+ 57. Ka4 Qe4+ 58. Rc4
Qa8+ 59. Kb4 c5+ 0-1

[Event "ZN-2012-0-01843"]
[Site "Lechenicher SchachServer"]
[Date "2012.02.14"]
[Round "?"]
[White "Newton, Daryl"]
[Black "Zarrouk, Roustan"]
[Result "1-0"]
[WhiteElo "558"]
[BlackElo "321"]
[PlyCount "71"]
[EventDate "2012.02.10"]

1. e4 e5 2. Nf3 Nc6 3. c3 d6 4. Bc4 Nf6 5. Ng5 Bg4 6. f3 Bh5 7. Qb3 Na5 8. Qb5+
Nd7 9. d4 c6 10. Qa4 Rc8 11. Be2 Be7 12. Bd2 Bxg5 13. b4 f6 14. bxa5 Bf7 15.
O-O h5 16. f4 exf4 17. Bf3 O-O 18. c4 a6 19. Qb4 b6 20. Nc3 bxa5 21. Qxd6 Re8
22. Bxf4 Bxc4 23. Rfe1 Qb6 24. Ne2 Bh4 25. Reb1 Qc7 26. Qxc7 Kf8 27. Qxd7 Be6
28. Qd6+ Kg8 29. Bxh5 Rcd8 30. Qxc6 Rc8 31. Qxa6 Kh7 32. Qd3 g6 33. e5 fxe5 34.
Qxg6+ Kh8 35. Bxe5+ Bf6 36. Bxf6# 1-0

[Event "corr freechess 2012"]
[Site "freechess.de"]
[Date "2012.02.13"]
[Round "?"]
[White "Fant, Serge"]
[Black "Weigt, Mirko"]
[Result "1-0"]
[WhiteElo "1427"]
[BlackElo "1529"]
[PlyCount "99"]
[EventDate "2012.??.??"]
[EventType "tourn (corr)"]
[SourceTitle "OM Corr 202003"]
[Source "Opening Master"]
[SourceDate "2019.05.30"]
[SourceVersion "2"]
[SourceVersionDate "2019.05.30"]
[SourceQuality "1"]

1. e4 e5 2. Nf3 Nc6 3. c3 Nf6 4. d3 h6 5. b3 d5 6. Be2 d4 7. c4 Bb4+ 8. Bd2 Qe7
9. O-O Bg4 10. a3 Bd6 11. h3 Bxf3 12. Bxf3 g5 13. b4 a6 14. c5 Bxc5 15. bxc5
Qxc5 16. Qb3 Rb8 17. a4 a5 18. Qd1 h5 19. Bxg5 Qd6 20. Bxf6 Qxf6 21. Bxh5 Ke7
22. Bg4 Rbg8 23. Qb3 Nd8 24. Nd2 Qf4 25. Qd1 f6 26. Qc1 c6 27. Qc5+ Ke8 28. Nf3
Nf7 29. Qc1 Qh6 30. Qxh6 Nxh6 31. Be6 Rg7 32. Rab1 Re7 33. Bb3 Rg8 34. Bxg8
Nxg8 35. Nd2 Rc7 36. Nc4 c5 37. Rxb7 Rc6 38. Nxa5 Ra6 39. Rb5 Kd7 40. Nb7 Kc6
41. Nxc5 Ra7 42. Rc1 Kd6 43. a5 Ne7 44. Nb3 f5 45. Rb6+ Kd7 46. f3 Ke8 47. a6
Kd8 48. Rb7 Rxa6 49. Rb8+ Kd7 50. Nc5+ 1-0

[Event "BI-2011-F-00011"]
[Site "Lechenicher SchachServer"]
[Date "2012.02.12"]
[Round "?"]
[White "Kouba, Lubomir"]
[Black "Cedeno Ochoa, Rodrigo"]
[Result "*"]
[WhiteElo "1789"]
[BlackElo "1279"]
[PlyCount "69"]
[EventDate "2012.02.15"]

1. e4 e5 2. Nf3 Nc6 3. c3 Nge7 4. Bc4 d5 5. exd5 Na5 6. Qa4+ c6 7. dxc6 Nexc6
8. Be2 Bd7 9. O-O Bd6 10. Qe4 f5 11. Qe3 Qe7 12. d3 O-O 13. b4 e4 14. bxa5 exf3
15. Qxe7 Bxe7 16. Bxf3 Nxa5 17. Bd5+ Kh8 18. Nd2 Rac8 19. Bb2 Bf6 20. d4 g6 21.
Rfe1 Kg7 22. Rab1 Rfe8 23. Ba3 Rxe1+ 24. Rxe1 b6 25. Bb4 Bc6 26. Bxc6 Nxc6 27.
Ba3 Na5 28. Bb2 Bg5 29. Nf3 Bf6 30. Kf1 Nc4 31. Bc1 Nd6 32. Re3 Kf7 33. Ke1 b5
34. Bb2 Nc4 35. Re2 {Black withdraws} *

[Event "RE-2012-0-00089"]
[Site "Lechenicher SchachServer"]
[Date "2012.02.10"]
[Round "?"]
[White "Horse, Madera"]
[Black "Bauer, Rudolf"]
[Result "0-1"]
[WhiteElo "1278"]
[BlackElo "1363"]
[PlyCount "36"]
[EventDate "2012.01.09"]

1. e4 e5 2. Nf3 Nc6 3. c3 d5 4. Qa4 Bd7 5. exd5 Nd4 6. Qd1 Nxf3+ 7. Qxf3 Nf6 8.
c4 Bc5 9. Nc3 c6 10. Bd3 O-O 11. O-O Bd4 12. dxc6 Bxc6 13. Qg3 Nh5 14. Qh3 g6
15. Ne2 Nf4 16. Nxf4 exf4 17. Be2 Re8 18. Bf3 Bxf2+ 0-1

[Event "BUL-ch sf (Women) 61st"]
[Site "Plovdiv"]
[Date "2012.02.09"]
[Round "5"]
[White "Pencheva, Iva"]
[Black "Salimova, Nurgyul"]
[Result "1/2-1/2"]
[WhiteElo "1816"]
[BlackElo "1737"]
[PlyCount "93"]
[EventDate "2012.02.06"]
[EventType "tourn"]
[EventRounds "9"]
[EventCountry "BUL"]
[SourceTitle "CBM 146 Extra"]
[Source "ChessBase"]
[SourceDate "2012.02.29"]
[SourceVersion "1"]
[SourceVersionDate "2012.02.29"]
[SourceQuality "1"]

1. e4 e5 2. Nf3 Nc6 3. c3 Be7 4. d4 d6 5. h3 Nf6 6. Be3 O-O 7. Nbd2 a6 8. a4 h6
9. Bd3 Nh7 10. Qc2 Ng5 11. O-O-O exd4 12. Nxd4 Nxd4 13. Bxd4 Ne6 14. Be3 Bg5
15. Nc4 Bd7 16. Bxg5 Qxg5+ 17. Ne3 Nc5 18. b3 b5 19. h4 Qd8 20. a5 Nb7 21. b4
c5 22. Kd2 Rc8 23. Qb2 Be6 24. Ke2 Qf6 25. Rd2 Rfe8 26. f3 d5 27. Kf2 cxb4 28.
cxb4 Qxb2 29. Rxb2 dxe4 30. Bxe4 Nd6 31. Bb1 Rc7 32. Rd1 Rd8 33. Rbd2 Rcd7 34.
Ke1 Kf8 35. Ke2 Ke7 36. g3 g6 37. Nd5+ Bxd5 38. Rxd5 Kf8 39. Kf2 Ke7 40. Re1+
Kf8 41. Red1 Ke7 42. Re5+ Kf8 43. Red5 Ke7 44. Re1+ Kf8 45. Red1 Ke7 46. Re1+
Kf8 47. Red1 1/2-1/2

[Event "corr RemoteSchachS7E adv-119"]
[Site "www.remoteschach.de"]
[Date "2012.02.06"]
[Round "?"]
[White "Schatz, Hans Dieter"]
[Black "Leisebein, Peter"]
[Result "0-1"]
[WhiteElo "2274"]
[BlackElo "2390"]
[PlyCount "68"]
[EventDate "2012.??.??"]
[EventType "tourn (corr)"]
[SourceTitle "OM Corr 202003"]
[Source "Opening Master"]
[SourceDate "2019.05.30"]
[SourceVersion "2"]
[SourceVersionDate "2019.05.30"]
[SourceQuality "1"]

1. e4 e5 2. Nf3 Nc6 3. c3 d5 4. Qa4 Nf6 5. Nxe5 Bd6 6. Nxc6 bxc6 7. d3 O-O 8.
Be2 Re8 9. Nd2 Bg4 10. f3 Bd7 11. Qd4 Qe7 12. Qf2 Nh5 13. Nb3 a5 14. Be3 Rab8
15. Bf1 f5 16. Nc5 Be6 17. g3 Bf7 18. Bg2 f4 19. gxf4 Nxf4 20. Bxf4 Bxf4 21. d4
Qg5 22. h4 Qh6 23. b3 dxe4 24. fxe4 Bh5 25. Rh3 Bg4 26. Rg3 Bxg3 27. Qxg3 Rf8
28. e5 Bf3 29. Kf2 Qd2+ 30. Kg1 Bxg2 31. Ne6 Rf7 32. Qxg2 Qe3+ 33. Kh1 Re8 34.
Ng5 Rf4 0-1